| 000 -LEADER |
| fixed length control field |
02017cam a2200313 a 4500 |
| 001 - CONTROL NUMBER |
| control field |
16307474 |
| 005 - DATE AND TIME OF LATEST TRANSACTION |
| control field |
20170105102852.0 |
| 008 - FIXED-LENGTH DATA ELEMENTS--GENERAL INFORMATION |
| fixed length control field |
100628s2010 enkb b 001 0 eng |
| 010 ## - LIBRARY OF CONGRESS CONTROL NUMBER |
| LC control number |
2010027527 |
| 020 ## - INTERNATIONAL STANDARD BOOK NUMBER |
| International Standard Book Number |
9780230203242 |
| 040 ## - CATALOGING SOURCE |
| Original cataloging agency |
DLC |
| Transcribing agency |
DLC |
| Modifying agency |
DLC |
| 043 ## - GEOGRAPHIC AREA CODE |
| Geographic area code |
e-xr--- |
| 050 00 - LIBRARY OF CONGRESS CALL NUMBER |
| Classification number |
PR2971.C85 |
| Item number |
K67 2010 |
| 082 00 - DEWEY DECIMAL CLASSIFICATION NUMBER |
| Classification number |
822.33 |
| Edition number |
22 |
| 100 1# - MAIN ENTRY--PERSONAL NAME |
| Personal name |
Kostihová, Marcela, |
| Dates associated with a name |
1974- |
| 245 10 - TITLE STATEMENT |
| Title |
Shakespeare in transition : |
| Remainder of title |
political appropriations in the post-communist Czech Republic / |
| Statement of responsibility, etc. |
by Marcela Kostihová. |
| 260 ## - PUBLICATION, DISTRIBUTION, ETC. |
| Place of publication, distribution, etc. |
Houndmills, Basingstoke, Hampshire ; |
| -- |
New York, NY : |
| Name of publisher, distributor, etc. |
Palgrave Macmillan, |
| Date of publication, distribution, etc. |
2010. |
| 300 ## - PHYSICAL DESCRIPTION |
| Extent |
xi, 210 p. ; |
| Other physical details |
ill. |
| Dimensions |
23 cm. |
| 490 0# - SERIES STATEMENT |
| Series statement |
Performance interventions |
| 504 ## - BIBLIOGRAPHY, ETC. NOTE |
| Bibliography, etc. note |
Includes bibliographical references (p. 190-204) and index. |
| 505 8# - FORMATTED CONTENTS NOTE |
| Formatted contents note |
Machine generated contents note: Introduction: Shakespeares of the post-communist world -- Living Czech Shakespeare -- Translation Wars: Redefining Shakespeare in Post-Socialist Czech Republic -- Katharine Humanized: Abusing the Shrew on Prague Stages -- Politics of Desire: Homoeroticism in Post-Communist Czech Shakespeare -- Epilogue: Into the European Union. |
| 520 ## - SUMMARY, ETC. |
| Summary, etc. |
"This book investigates the political dimensions of Czech Shakespeare appropriation and production in the wake of the fall of communism, uncovering an anxious struggle between dimensions of Czech nationhood that comes to a head in a competition for a 'true' Shakespeare, and addressing key issues such as gender, globalization and national culture"-- |
| 600 10 - SUBJECT ADDED ENTRY--PERSONAL NAME |
| Personal name |
Shakespeare, William, |
| Dates associated with a name |
1564-1616 |
| General subdivision |
Appreciation |
| Geographic subdivision |
Czech Republic. |
| 600 10 - SUBJECT ADDED ENTRY--PERSONAL NAME |
| Personal name |
Shakespeare, William, |
| Dates associated with a name |
1564-1616 |
| General subdivision |
Translations into Czech |
| -- |
History and criticism. |
| 650 #0 - SUBJECT ADDED ENTRY--TOPICAL TERM |
| Topical term or geographic name entry element |
Politics and literature |
| Geographic subdivision |
Czech Republic |
| General subdivision |
History |
| Chronological subdivision |
20th century. |
| 906 ## - LOCAL DATA ELEMENT F, LDF (RLIN) |
| a |
7 |
| b |
cbc |
| c |
orignew |
| d |
1 |
| e |
ecip |
| f |
20 |
| g |
y-gencatlg |
| 942 ## - ADDED ENTRY ELEMENTS (KOHA) |
| Source of classification or shelving scheme |
|
| Koha item type |
Book |